000 01049nam a2200337 i 4500
001 39918
003 KOSZ 005
005 20211228143751.0
008 010131s2000 pl f f |000 0 pol d
020 _a83371973594
040 _cKOSZ 005
_aKOSZ 005
_dKOSZ 005/HR
046 _k2000
080 _a004.774
080 _a004.42
080 _a(07)
100 1 _aPłatek, Rafał
_eAutor
245 1 0 _aPajączek :
_bnajlepszy polski edytor stron WWW /
_cRafał Płatek, Zbigniew Okoń.
260 _aGliwice :
_b"Helion",
_c2000.
300 _a360 s. :
_brys. ;
_c24 cm +
_eCD ROM.
380 _aKsiążki
388 _a1901-2000
388 _a1989-2000
504 _aIndeks.
650 4 _aPajączek (program komputerowy)
655 4 _aPodręcznik
658 _aInformatyka i technologie informacyjne
700 1 _aOkoń, Zbigniew
_eAutor
710 2 _aHelion
_4pbl.
856 _uhttp://koha.tu.koszalin.pl/cgi-bin/koha/opac-detail.pl?biblionumber=38918
_yKatalog online BPK
942 _cKS
_2UKD
999 _c38918
_d38918